MARC details
| 000 -LEADER |
| fixed length control field |
01448nam a22002897a 4500 |
| 003 - CONTROL NUMBER IDENTIFIER |
| control field |
SISC |
| 005 - DATE AND TIME OF LATEST TRANSACTION |
| control field |
20180108153614.0 |
| 008 - FIXED-LENGTH DATA ELEMENTS--GENERAL INFORMATION |
| fixed length control field |
180108b xxu||||| |||| 00| 0 eng d |
| 020 ## - INTERNATIONAL STANDARD BOOK NUMBER |
| International Standard Book Number |
9781611599275 |
| 050 ## - LIBRARY OF CONGRESS CALL NUMBER |
| Classification number |
PZ 5 |
| Item number |
.C45 2013 |
| 100 ## - MAIN ENTRY--PERSONAL NAME |
| Personal name |
Sorbo, Kevin |
| 245 ## - TITLE STATEMENT |
| Title |
Chicken soup for the soul: |
| Remainder of title |
think positive for kids : 101 stories about good decisions, self-esteem, and positive thinking / |
| Statement of responsibility, etc |
[compiled by] Kevin Sorbo [and] Amy Newmark |
| 260 ## - PUBLICATION, DISTRIBUTION, ETC. (IMPRINT) |
| Place of publication, distribution, etc |
[Connecticut] : |
| Name of publisher, distributor, etc |
Chicken Soup for the Soul Publishing, |
| Date of publication, distribution, etc |
c2013. |
| 300 ## - PHYSICAL DESCRIPTION |
| Extent |
xiv, 366 pages : |
| Other physical details |
illustrations ; |
| Dimensions |
22 cm. |
| 440 ## - SERIES STATEMENT/ADDED ENTRY--TITLE |
| Title |
Chicken soup for the soul |
| 520 ## - SUMMARY, ETC. |
| Summary, etc |
A collection of 101 personal stories about children making good decisions, doing the right thing, thinking positively, overcoming obstacles, and being grateful. |
| 526 ## - STUDY PROGRAM INFORMATION NOTE |
| Interest level |
Interest age level: 007-012 |
| 650 ## - SUBJECT ADDED ENTRY--TOPICAL TERM |
| Source of heading or term |
Library of Congress Subject Headings |
| Topical term or geographic name as entry element |
Children |
| General subdivision |
Conduct of life |
| Form subdivision |
Literary collections |
| 650 ## - SUBJECT ADDED ENTRY--TOPICAL TERM |
| Source of heading or term |
Library of Congress Subject Headings |
| Topical term or geographic name as entry element |
Optimism |
| Form subdivision |
Literary collections |
| 650 ## - SUBJECT ADDED ENTRY--TOPICAL TERM |
| Source of heading or term |
Library of Congress Subject Headings |
| Topical term or geographic name as entry element |
Children |
| General subdivision |
Conduct of life |
| Form subdivision |
Anecdotes |
| 650 ## - SUBJECT ADDED ENTRY--TOPICAL TERM |
| Source of heading or term |
Library of Congress Subject Headings |
| Topical term or geographic name as entry element |
Optimism |
| Form subdivision |
Anecdotes |
| 650 ## - SUBJECT ADDED ENTRY--TOPICAL TERM |
| Source of heading or term |
Library of Congress Subject Headings |
| Topical term or geographic name as entry element |
Children |
| General subdivision |
Conduct of life |
| 650 ## - SUBJECT ADDED ENTRY--TOPICAL TERM |
| Source of heading or term |
Library of Congress Subject Headings |
| Topical term or geographic name as entry element |
Optimism |
| 650 ## - SUBJECT ADDED ENTRY--TOPICAL TERM |
| Source of heading or term |
Library of Congress Subject Headings |
| Topical term or geographic name as entry element |
Anecdotes |
| 700 ## - ADDED ENTRY--PERSONAL NAME |
| Personal name |
Newmark, Amy |
| 942 ## - ADDED ENTRY ELEMENTS (KOHA) |
| Source of classification or shelving scheme |
Library of Congress Classification |
| Koha item type |
Books |